000 00570nam a2200229Ia 4500
005 20241129120313.0
008 241129s9999||||xx |||||||||||||| ||und||
020 _a9788119014293
037 _aTB
040 _aSDCL
_beng
_cSDCL
041 _ahin
_2hin
084 _aO152,2N41 R3
_qSDCL
100 _aVerma Surendra
245 0 _aRati ka kangan
250 _a4th
260 _aNew Delhi
_bVani Prakashan India
_c2023
300 _a150p.
365 _aINR
_b399
650 _aHindi
942 _cTB
_hO152,2N41 R3
999 _c1234244
_d1234244